00510nam a22001217a 4500008004100000040005500041080002700096245014100123260007600264300001000340650001600350700002200366230622b |||||||| |||| 00| 0 eng d aNational Science LibrarycNational Science Library a628.1(1-22)(082.2)bM7 aTechnology mission on drinking water in villages and related water managementc/ Proceedings chief engineers conference 28-29 July, 1987 aNagpur: bNational Environmental Engineering Research Institute, c1987 a115p. aProceedings aGadgil, J S (Ed.)